Crusade For Justice: The Autobiography Of Ida B. Wells, Second Edition (Record no. 571134)

MARC details
000 -LEADER
fixed length control field 00616nam a2200181Ia 4500
008 - FIXED-LENGTH DATA ELEMENTS--GENERAL INFORMATION
fixed length control field 250516s9999 xx 000 0 und d
020 ## - INTERNATIONAL STANDARD BOOK NUMBER
ISBN 9780226691428
Paper back/Hardbound pbk
041 ## - LANGUAGE CODE
Language code of text/sound track or separate title eng
082 ## - DEWEY DECIMAL CLASSIFICATION NUMBER
Classification number 323.092
Item number WEL;1
100 ## - MAIN ENTRY--AUTHOR NAME
Personal name Wells, Ida B.
245 #0 - TITLE STATEMENT
Title Crusade For Justice: The Autobiography Of Ida B. Wells, Second Edition
260 ## - PUBLICATION, DISTRIBUTION, ETC. (IMPRINT)
Name of publisher University of Chicago Press
Year of publication 2020
Place of publication United States of America
300 ## - PHYSICAL DESCRIPTION
Number of Pages 385 pages
Dimensions 21 cm
504 ## - BIBLIOGRAPHY, ETC. NOTE
Bibliography, etc Includes index
650 ## - SUBJECT ADDED ENTRY--TOPICAL TERM
Topical Term African American women, African American women Biography, African American women civil rights workers
942 ## - ADDED ENTRY ELEMENTS (KOHA)
Koha item type English Books
Holdings
Withdrawn status Lost status Damaged status Not for loan Home library Current library Shelving location Date acquired Cost, normal purchase price Full call number Accession Number Price effective from Koha item type
        Anna Centenary Library Anna Centenary Library 3RD FLOOR, B WING 27.03.2025 1683.00 323.092 WEL;1 702608 27.03.2025 Reference
        Anna Centenary Library Anna Centenary Library 3RD FLOOR, B WING 27.03.2025 2300.00 323.092 WEL 702607 27.03.2025 Reference

Find us on the map